| 000 | 00540nam a2200193Ia 4500 | ||
|---|---|---|---|
| 005 | 20250326144738.0 | ||
| 008 | 250326s9999 xx 000 0 und d | ||
| 037 | _aTextbook | ||
| 040 |
_aFMSL _beng _cFMSL |
||
| 041 |
_aeng _2eng |
||
| 084 |
_aX:54.1 P9 _qFMSL |
||
| 100 | _aSrinivasan T N | ||
| 245 | 0 |
_aTrade, growth and poverty reduction _cSrinivasan T N |
|
| 260 |
_aNew Delhi _bNew Delhi, Academic Foundation _c2009 |
||
| 365 | _b695 | ||
| 650 | _aManagement | ||
| 942 |
_cTB _hX:54.1 P9 |
||
| 999 |
_c1304856 _d1304856 |
||